1300 1150 1608 1684 1775 1825 1539 1155 1550 1280 1275 1643 1462 1076 1010 1308 1444 1411 1820 1502 1113 1916 1220 1235 1254 1432 1999 1278 1610 1830 1053 1932 1597 1549 1437 1010 1377 1204 1998 1368 1956 1781 1875 1414 1414 1105 1382 1964 1379 1395 1563 1368 1332 1538 1011 1581 1706 1921 1421 1066 1578 1301 1208 1939 1777 1404 1740 1280 1344 1402 1724 1323 1346 1010 1578 1602 1249 1115 1167 1045 1388 1284 1222 1201 1381 1923 1587 1535 1489 1700 1623 1222 1204 1329 1392 1316 1824 1909 1163 BCNSPRNW ULIB Ver.6.0+V

เปลี่ยนเป็นภาษาไทย

Change to English
 แสดงรายละเอียดบรรณานุกรม
  กลับหน้าหลัก

Brief Record : Get Marc (ISO 2709) : E-mail record : QR code < ปิดหน้าต่าง
LEADER : 00000nam 2200000uu 4500
001    13399111716
003     ULIB
008    110706s2552||||th 000 0 tha d
020    9786165140102
050  4 BQ5340^bพ831อ 2552
100 0  พุทธทาสภิกขุ,^d2449-2536
245 10 พุทธวิธีชนะความทุกข์ /^cพุทธทาสภิกขุ
250    พิมพ์ครั้งที่ 1
260    กรุงเทพฯ :^bไทยควอลิตี้บุ๊คส์,^c2552
300    239 หน้า ;^c22 ซม.
650  4 พระพุทธศาสนา
650  4 หลักคำสอน
650  4 ธรรมเทศนา
650  4 ธรรมะ
945    ^p170^l0^i026782
995    ทศพร
999 ^a ใช้งานได้ทุกระบบ
รายการนี้ยังไม่มีแท็ก
คุณยังไม่ได้ล็อกอิน คุณสามารถมีกิจกรรมร่วมกับเว็บไซต์ได้ แต่ต้องล็อกอินก่อน ::
  ล็อกอิน

รายการสื่อสารสนเทศ

ลำดับที่ ประเภท เลขเรียก/บาร์โค้ด สถานที่ สถานะ
- ไม่พบข้อมูล -

รายการใกล้เคียง
    หัวเรื่อง [พระพุทธศาสนา]
    หัวเรื่อง [หลักคำสอน]
    หัวเรื่อง [ธรรมเทศนา]
    หัวเรื่อง [ธรรมะ]

BibComment


ยังไม่เคยถูกคอมเมนท์

คอมเมนท์ทรัพยากรรายการนี้
  คอมเมนท์: พุทธวิธีชนะความทุ..


 Copyright 2026. Bcnsprnw @Library